000 00761nam a2200217 a 4500
001 000016673
005 20200929164939.0
008 100309s2006 dr ac 001 0 spa d
040 _aDO-SdBNP
_bspa
_cBNPHU
082 _a248.4
_bA772t
110 2 _aArquidiócesis de Santo Domingo (República Dominicana)
_937018
245 1 0 _aTe conocimos Señor al partir el pan, tú nos conoces Señor al partir el pan.
260 _aSanto Domingo :
_bBúho,
_c2006.
300 _a71 p. :
_bil. ;
_c23 cm.
590 _aInventariado, 2018/BT
650 4 _aEucaristía
_xEnseñanza bíblica
_937019
650 4 _aCongresos eucarísticos
_937020
650 4 _aTeología pastoral
_93734
650 4 _aAcción católica
_937021
910 _aValidado. Control de la calidad. EMS
999 _c16206
_d16206